| 000 | 00654nam a2200217 a 4500 | ||
|---|---|---|---|
| 001 | 000038251 | ||
| 003 | DO-SdBNP | ||
| 005 | 20180323144220.0 | ||
| 007 | 000038251 | ||
| 008 | 130405s2006 dr 000 0 spa d | ||
| 040 |
_aBPMET _bspa _cBPMET |
||
| 100 | 1 | _aMateo Andrés, S. J. | |
| 245 | 1 | 3 |
_aEl hombre como pensador : _bbreve introducción a la filosofía / _cS. J. Mateo Andrés. |
| 260 |
_aSanto Domingo : _bAmigo del Hogar _c2009 |
||
| 300 |
_a152 P. ; _c|23 cm. |
||
| 490 | 1 | _apensamiento y vida | |
| 830 | 0 | _aPensamiento y vida | |
| 942 |
_2ddc _cBK |
||
| 945 | _aRemanejado para BNPH / 2017 VM | ||
| 956 |
_aVMATEO _b10 _c20150908 _lBPMSU _h0069 |
||
| 999 |
_c7357 _d7357 |
||